[Event "World Senior Teams +65"]
[Site "Radebeul GER"]
[Date "2016.06.30"]
[Round "5.1"]
[Board "2"]
[White "Khanukov, Boris"]
[Black "Balashov, Yuri S"]
[Result "0-1"]
[WhiteTitle "IM"]
[BlackTitle "GM"]
[WhiteElo "2323"]
[BlackElo "2408"]
[WhiteTeam "Germany 2"]
[BlackTeam "Russia 65+"]
[WhiteFideId "4680898"]
[BlackFideId "4100263"]
[EventDate "2016.06.26"]

1. e4 c5 2. c3 e6 3. d4 d5 4. e5 Nc6 5. Nf3 Bd7 6. a3 a5 7. g3 a4 8. Be3 Nge7 9.
dxc5 Nf5 10. Bd4 b6 11. cxb6 Ncxd4 12. Nxd4 Qxb6 13. Qd2 Rb8 14. Nxf5 exf5 15.
Bg2 Qxb2 16. Qxb2 Rxb2 17. Bxd5 Bc5 18. O-O Ke7 19. Ra2 Rhb8 20. Rxb2 Rxb2 21.
Kg2 g5 22. h3 h5 23. h4 g4 24. c4 Rc2 25. Kg1 Be6 26. Kg2 Bd4 27. Kg1 Bxe5 28.
Rd1 Bd6 29. Bc6 Bd7 30. Bb5 Bxb5 31. cxb5 Bc5 32. Nd2 Bxa3 33. b6 Bd6 34. b7 Bb8
35. Nf1 Rb2 36. Rd4 a3 37. Ra4 a2 38. Kg2 f4 39. gxf4 Bxf4 40. Ra8 Kf6 41. Ng3
Bxg3 42. Kxg3 Rxb7 43. Rxa2 Rb3+ 44. Kg2 Rh3 45. Ra6+ Kg7 46. Ra5 Rxh4 47. f3
Kg6 48. fxg4 hxg4 49. Kg3 Rh5 50. Ra8 Kg5 51. Rg8+ Kf5 52. Rg7 Rh3+ 53. Kg2 f6
54. Rg8 Ra3 55. Rf8 Kg5 0-1

[Event "World Senior Teams +65"]
[Site "Radebeul GER"]
[Date "2016.06.30"]
[Round "5.1"]
[Board "3"]
[White "Zhelnin, Vladimir V"]
[Black "Salov, Sergej"]
[Result "1-0"]
[WhiteTitle "IM"]
[BlackTitle "IM"]
[WhiteElo "2455"]
[BlackElo "2198"]
[WhiteTeam "Russia 65+"]
[BlackTeam "Germany 2"]
[WhiteFideId "4105567"]
[BlackFideId "4107926"]
[EventDate "2016.06.26"]

1. e4 c5 2. Nf3 e6 3. d4 cxd4 4. Nxd4 a6 5. Bd3 Bc5 6. Nf3 d6 7. O-O Nf6 8. Qe2
Nc6 9. c3 e5 10. Nbd2 Ne7 11. Nc4 Ng6 12. Be3 Qc7 13. Bxc5 dxc5 14. a4 Be6 15.
g3 h6 16. a5 Rd8 17. Nb6 O-O 18. Bc4 Qc6 19. Rfe1 Rfe8 20. Bxe6 Qxe6 21. Nd2 h5
22. h4 Qh3 23. Nf1 Qe6 24. f3 Ne7 25. Ne3 g6 26. Nbc4 Nc6 27. Rad1 Rxd1 28. Rxd1
Rd8 29. Rxd8+ Nxd8 30. Qd2 Qd7 31. Nd5 Nxd5 32. Qxd5 Qxd5 33. exd5 f6 34. Kf2
Kf7 35. Ke3 Ke7 36. Ke4 Nf7 37. g4 Nh6 38. gxh5 gxh5 39. Ne3 Kd6 40. c4 Kd7 41.
Nf5 Nf7 42. Ke3 Nh8 43. Ng7 Ng6 44. Nxh5 f5 45. Nf6+ Ke7 46. Ng8+ Kf7 47. d6 Nf8
48. Ne7 Ke6 49. h5 f4+ 50. Ke4 Nh7 51. h6 Ng5+ 52. Kd3 Kxd6 53. Nd5 Ke6 54. Nc3
Kf7 55. Ne4 Ne6 56. Nd6+ Kg6 57. Ke4 Ng5+ 58. Kxe5 Nxf3+ 59. Kxf4 Nd2 60. Ke5
Kxh6 61. Kd5 Nb3 62. Nxb7 Kg7 63. Nxc5 Nxa5 64. b4 1-0

[Event "World Senior Teams +65"]
[Site "Radebeul GER"]
[Date "2016.06.30"]
[Round "5.1"]
[Board "4"]
[White "Gruzmann, Boris"]
[Black "Pushkov, Nikolai"]
[Result "1/2-1/2"]
[WhiteTitle "FM"]
[BlackTitle "GM"]
[WhiteElo "2202"]
[BlackElo "2315"]
[WhiteTeam "Germany 2"]
[BlackTeam "Russia 65+"]
[WhiteFideId "4105290"]
[BlackFideId "4117131"]
[EventDate "2016.06.26"]

1. e4 e6 2. d4 d5 3. e5 c5 4. c3 Nc6 5. Nf3 Bd7 6. Bd3 Rc8 7. dxc5 Bxc5 8. O-O
Qc7 9. b4 Bb6 10. Re1 Nge7 11. Na3 a6 12. Nc2 Ng6 13. Qe2 Ba7 14. a4 Bb8 15.
Bxg6 hxg6 16. Bg5 Ne7 17. Ra3 Qc4 18. Qxc4 Rxc4 19. Ncd4 Nf5 20. g3 O-O 21. Nxf5
gxf5 22. Nd2 Rc6 23. Be7 Rfc8 24. Bc5 f6 25. Nf3 Re8 26. a5 Rcc8 27. Bd4 Kf7 28.
Raa1 Bb5 29. Re3 Bd7 30. Ree1 Rh8 31. Kg2 Rh5 32. Re3 Rch8 33. Ree1 R8h6 34. Re3
f4 35. Ree1 fxg3 36. hxg3 Rh8 37. Re3 f5 38. Ree1 Bb5 39. Rh1 Bd3 40. Rxh5 Rxh5
41. Nd2 g5 42. f3 g4 43. f4 Ke7 44. Rh1 Rxh1 45. Kxh1 Bc2 46. Kg1 Kd7 47. Kf2
Bc7 48. Ke3 Kc6 49. Ba7 Bd8 50. Kd4 Be7 51. Bb6 Kb5 52. Ba7 Ka4 53. Bc5 Bd8 54.
c4 dxc4 55. Nxc4 Be4 56. Kc3 Bd5 57. Nb6+ 1/2-1/2

[Event "World Senior Teams +65"]
[Site "Radebeul GER"]
[Date "2016.06.30"]
[Round "5.2"]
[Board "1"]
[White "Vucenovic, Dragomir"]
[Black "Faibisovich, Vadim Z"]
[Result "1/2-1/2"]
[WhiteTitle "FM"]
[BlackTitle "IM"]
[WhiteElo "2264"]
[BlackElo "2348"]
[WhiteTeam "Switzerland"]
[BlackTeam "Sankt-Petersburg"]
[WhiteFideId "1300393"]
[BlackFideId "4102703"]
[EventDate "2016.06.26"]

1. d4 Nf6 2. Nf3 e6 3. g3 d5 4. Bg2 Be7 5. O-O O-O 6. c4 b6 7. Nc3 Bb7 8. cxd5
exd5 9. b3 Ne4 10. Nxe4 dxe4 11. Ne5 Na6 12. Bb2 Rc8 13. Bh3 f5 14. e3 Bd6 15.
Nc4 Nb4 16. a4 a5 17. Ba3 Nd3 18. Nxd6 cxd6 19. b4 axb4 20. Qb3+ d5 21. Bxb4
Nxb4 22. Qxb4 Ba6 23. Rfb1 Bd3 24. Rb2 Rf6 25. Bf1 Rc4 26. Qa3 Bxf1 27. Rxf1
Rfc6 28. Rb5 f4 29. exf4 Rxd4 30. Rfb1 h6 1/2-1/2

[Event "World Senior Teams +65"]
[Site "Radebeul GER"]
[Date "2016.06.30"]
[Round "5.2"]
[Board "2"]
[White "Mishuchkov, Nikolai M."]
[Black "Hohler, Peter"]
[Result "1-0"]
[WhiteTitle "IM"]
[BlackTitle "FM"]
[WhiteElo "2306"]
[BlackElo "2159"]
[WhiteTeam "Sankt-Petersburg"]
[BlackTeam "Switzerland"]
[WhiteFideId "4102401"]
[BlackFideId "1300296"]
[EventDate "2016.06.26"]

1. Nf3 Nf6 2. c4 e6 3. d4 b6 4. g3 Ba6 5. Qa4 Bb7 6. Bg2 c5 7. dxc5 Bxc5 8. O-O
O-O 9. Nc3 Qc8 10. Bf4 Ne4 11. Nxe4 Bxe4 12. Ne5 Bxg2 13. Kxg2 Nc6 14. Rfd1 Rd8
15. Rd2 Nxe5 16. Bxe5 Qc6+ 17. Qxc6 dxc6 18. Rad1 Be7 19. Rd7 Kf8 20. R1d3 f6
21. Bc3 Ke8 22. Rb7 Rxd3 23. exd3 e5 24. a4 Kf7 25. Kf3 Ke6 26. Ke2 h5 27. h3 g6
28. g4 hxg4 29. hxg4 Bd6 30. Rg7 Bf8 31. Rb7 Bd6 32. b4 Bf8 33. Rc7 Kd6 34. Rh7
Ke6 35. Rb7 Bd6 36. Bd2 Bf8 37. b5 cxb5 38. cxb5 Bc5 39. Be3 Bd6 40. g5 fxg5 41.
Bxg5 Bc5 42. Be3 Bd6 43. Kf3 Kf5 44. Rh7 Bb4 45. Rf7+ Ke6 46. Rg7 Kf6 47. Rc7
Kf5 48. Rb7 Bc3 49. Rf7+ Ke6 50. Rc7 Bb4 51. Ke4 Bd6 52. Rg7 Kf6 53. Rb7 Ke6 54.
Rg7 Kf6 55. Rh7 Ke6 56. d4 exd4 57. Bxd4 Be7 58. Rg7 g5 59. Rg6+ Kd7 60. Bf6
Bxf6 61. Rxf6 Ke7 62. Rg6 Rf8 63. Ke3 Rf4 64. Rg7+ Kd6 65. Rxa7 Rb4 66. Kf3 Rf4+
67. Kg3 Rb4 68. f3 Ke5 69. Rb7 Rxa4 70. Rxb6 Rb4 71. Rb8 Kf5 72. b6 Kg6 73. Kf2
Kg7 74. Ke3 Kh7 75. Kd3 Rf4 76. Rd8 Rxf3+ 77. Kc4 Rf7 78. Kc5 g4 79. Kc6 Kg6 80.
Rd5 Rf6+ 81. Rd6 g3 82. b7 Rxd6+ 83. Kxd6 1-0

[Event "World Senior Teams +65"]
[Site "Radebeul GER"]
[Date "2016.06.30"]
[Round "5.2"]
[Board "3"]
[White "Issler, Christian"]
[Black "Karasev, Vladimir I"]
[Result "0-1"]
[BlackTitle "IM"]
[WhiteElo "2078"]
[BlackElo "2347"]
[WhiteTeam "Switzerland"]
[BlackTeam "Sankt-Petersburg"]
[WhiteFideId "1306456"]
[BlackFideId "4103971"]
[EventDate "2016.06.26"]

1. d4 Nf6 2. Bf4 d6 3. Nf3 g6 4. e3 Nh5 5. Bg5 h6 6. Bh4 g5 7. Nfd2 Ng7 8. Bg3
Nf5 9. Be2 Nxg3 10. hxg3 Bg7 11. c3 Nd7 12. g4 Nf6 13. Nf1 Qd7 14. Nh2 h5 15.
gxh5 g4 16. Nf1 Rxh5 17. Rxh5 Nxh5 18. g3 Nf6 19. Nbd2 Qf5 20. Qb3 c6 21. Rc1
Bh6 22. Qc2 Qxc2 23. Rxc2 Bf5 24. Rc1 O-O-O 25. Bc4 Rh8 26. Ke2 Bg5 27. Bd3 Bd7
28. Ne4 Nxe4 29. Bxe4 f5 30. Bd3 e5 31. dxe5 dxe5 32. Re1 Be6 33. Nd2 Kc7 34.
Bc4 Bc8 35. a4 a5 36. Rg1 b6 37. Bd3 Bd7 38. Nc4 Bf6 39. Na3 Rh2 40. Kf1 Be6 41.
Bc4 Bc8 42. Ke2 f4 43. exf4 exf4 44. Kf1 f3 45. Ke1 Bf5 46. Rf1 Be7 47. Kd1 Bc5
48. Ke1 Kd7 0-1

[Event "World Senior Teams +65"]
[Site "Radebeul GER"]
[Date "2016.06.30"]
[Round "5.2"]
[Board "4"]
[White "Blechzin, Igor"]
[Black "Illi, Hans-Joerg"]
[Result "0-1"]
[WhiteTitle "IM"]
[WhiteElo "2349"]
[BlackElo "2042"]
[WhiteTeam "Sankt-Petersburg"]
[BlackTeam "Switzerland"]
[WhiteFideId "4116208"]
[BlackFideId "1300431"]
[EventDate "2016.06.26"]

1. c4 e5 2. Nc3 Bb4 3. Nf3 Bxc3 4. bxc3 d6 5. d4 e4 6. Nd2 Qe7 7. e3 c5 8. f3 f5
9. g3 Nf6 10. Bg2 O-O 11. O-O b6 12. dxc5 dxc5 13. fxe4 Bb7 14. Rxf5 g6 15. Rf4
Nbd7 16. Qf1 Ne5 17. Nf3 Nxf3+ 18. Bxf3 Bxe4 19. Bxe4 Nxe4 20. Qd3 Rfe8 21. a4
Rad8 22. Qf1 Rf8 23. Qf3 Rde8 24. Ra2 g5 25. Rxf8+ Rxf8 26. Qg2 Qe6 27. Re2 g4
28. Rc2 Qxc4 29. Qe2 Qxe2 30. Rxe2 Nxc3 31. Rd2 Nxa4 32. e4 c4 33. e5 Nc3 34.
Kg2 b5 35. Rd7 Re8 36. Bh6 Re6 37. Bg7 a5 38. Rd6 Kf7 39. Rd7+ Kg6 40. h4 h5 41.
Bh8 Ne4 42. Rg7+ Kh6 43. Rd7 c3 44. Kf1 b4 45. Ke2 Nxg3+ 46. Kd3 Nf5 47. Ke4 Kg6
48. Kd5 c2 49. Rc7 b3 50. Kxe6 b2 0-1

[Event "World Senior Teams +65"]
[Site "Radebeul GER"]
[Date "2016.06.30"]
[Round "5.3"]
[Board "1"]
[White "Boehnisch, Manfred"]
[Black "Westerinen, Heikki M.J."]
[Result "1/2-1/2"]
[WhiteTitle "FM"]
[BlackTitle "GM"]
[WhiteElo "2302"]
[BlackElo "2308"]
[WhiteTeam "Schachfreunde Leipzig"]
[BlackTeam "Finland"]
[WhiteFideId "4611543"]
[BlackFideId "500020"]
[EventDate "2016.06.26"]

1. e4 e6 2. d4 d5 3. Nc3 dxe4 4. Nxe4 Bd7 5. Nf3 Bc6 6. Neg5 Bd6 7. Bd3 Nf6 8.
Ne5 O-O 9. Nxc6 Nxc6 10. Nf3 Nb4 11. Bc4 c5 12. c3 Nc6 13. O-O cxd4 14. Nxd4
Nxd4 15. Qxd4 Qc7 16. h3 Rfd8 17. Qh4 Be7 18. Bb3 1/2-1/2

[Event "World Senior Teams +65"]
[Site "Radebeul GER"]
[Date "2016.06.30"]
[Round "5.3"]
[Board "2"]
[White "Hurme, Harri"]
[Black "Schubert, Thomas"]
[Result "1/2-1/2"]
[WhiteTitle "FM"]
[BlackTitle "FM"]
[WhiteElo "2194"]
[BlackElo "2362"]
[WhiteTeam "Finland"]
[BlackTeam "Schachfreunde Leipzig"]
[WhiteFideId "500321"]
[BlackFideId "4643038"]
[EventDate "2016.06.26"]

1. d4 f5 2. Nf3 Nf6 3. g3 g6 4. Bg2 Bg7 5. O-O O-O 6. b4 c6 7. c4 d5 8. Nbd2 Kh8
9. Bb2 Be6 10. a4 Nbd7 11. c5 Ne4 12. Qc2 Qc7 13. e3 Bg8 14. Ne1 Nxd2 15. Qxd2
e5 16. dxe5 Nxe5 17. Nf3 Nc4 18. Bxg7+ Qxg7 19. Qd4 Rfe8 20. Rfc1 Re7 21. b5 Rc8
22. Qxg7+ Kxg7 23. Nd4 cxb5 24. axb5 Rxc5 25. Rxa7 Rec7 26. b6 Rd7 27. h3 Rc8
28. Bf1 Nxb6 29. Rb1 Ra8 30. Rxa8 Nxa8 31. g4 fxg4 32. hxg4 Kf6 33. f4 h6 34.
Kf2 Bf7 35. Bd3 Re7 36. Nf3 Be8 37. Rh1 Kg7 38. g5 hxg5 39. Nxg5 Nc7 40. Rb1 b5
41. Ra1 Ne6 42. Nxe6+ Rxe6 43. Ra7+ Kf6 44. Rb7 g5 45. fxg5+ Kxg5 46. Bxb5 Bxb5
47. Rxb5 Re5 48. Ke2 Kf5 49. Kd3 Ke6 50. Rb6+ Kd7 51. Rh6 Ke7 52. Kd4 Re4+ 53.
Kd3 Kd7 54. Rf6 Ke7 55. Rf4 Rxf4 56. exf4 Kf6 57. Kd4 Kf5 58. Kxd5 Kxf4 1/2-1/2

[Event "World Senior Teams +65"]
[Site "Radebeul GER"]
[Date "2016.06.30"]
[Round "5.3"]
[Board "3"]
[White "Braun, Gottfried"]
[Black "Vinke, Dietmar"]
[Result "1-0"]
[WhiteTitle "FM"]
[BlackTitle "FM"]
[WhiteElo "2240"]
[BlackElo "2134"]
[WhiteTeam "Schachfreunde Leipzig"]
[BlackTeam "Finland"]
[WhiteFideId "4611489"]
[BlackFideId "1703196"]
[EventDate "2016.06.26"]

1. e4 c6 2. d4 d5 3. exd5 cxd5 4. c4 Nf6 5. Nc3 e6 6. Nf3 Be7 7. cxd5 Nxd5 8.
Bd3 Nc6 9. O-O O-O 10. Re1 Bf6 11. Be4 Nb6 12. Qd3 g6 13. Bh6 Re8 14. Rad1 Ne7
15. h4 Nbd5 16. h5 Bd7 17. hxg6 hxg6 18. Ne5 Nxc3 19. bxc3 Nf5 20. Bf4 Bxe5 21.
dxe5 Bc6 22. Bxf5 exf5 23. Qg3 Qe7 24. Bg5 Qf8 25. Bf6 Qh6 26. Rd4 g5 27. Bxg5
Qg6 28. Re3 f6 29. Bxf6 Qxg3 30. Rxg3+ Kf8 31. Rg7 1-0

[Event "World Senior Teams +65"]
[Site "Radebeul GER"]
[Date "2016.06.30"]
[Round "5.3"]
[Board "4"]
[White "Morant, Paul"]
[Black "Beltz, Robert"]
[Result "1/2-1/2"]
[WhiteElo "2091"]
[BlackElo "2121"]
[WhiteTeam "Finland"]
[BlackTeam "Schachfreunde Leipzig"]
[WhiteFideId "503517"]
[BlackFideId "1271028"]
[EventDate "2016.06.26"]

1. Nf3 d5 2. d4 Bf5 3. c4 dxc4 4. Qa4+ c6 5. Qxc4 Nf6 6. Nc3 Nbd7 7. g3 e6 8.
Bg2 h6 9. O-O Be7 10. Re1 Ne4 11. Nxe4 Bxe4 12. Be3 Nb6 13. Qb3 Qd5 14. Qxd5
Nxd5 15. Nd2 Bg6 16. Bxd5 cxd5 17. Rac1 Kd7 18. Nf3 f6 19. Bf4 Rhc8 20. Rxc8
Rxc8 21. Rc1 Rc4 22. Rxc4 dxc4 23. Nd2 b5 24. e4 Bd8 25. Be3 Bb6 26. h3 f5 27.
Nf3 Be8 28. Ne5+ Kd6 29. f3 Bc6 30. Nxc6 Kxc6 31. Kf1 h5 32. g4 hxg4 33. hxg4 g6
34. gxf5 gxf5 35. Ke2 b4 36. b3 c3 37. Kd3 Kb5 38. Bg5 a5 39. Bf6 Bc7 40. Be7
Kc6 41. Bf6 Bg3 42. Ke2 Kd7 43. Kd3 Bc7 1/2-1/2

[Event "World Senior Teams +65"]
[Site "Radebeul GER"]
[Date "2016.06.30"]
[Round "5.4"]
[Board "1"]
[White "Schmidt, Gerhard3"]
[Black "Danner, Georg"]
[Result "1/2-1/2"]
[BlackTitle "IM"]
[WhiteElo "2077"]
[BlackElo "2338"]
[WhiteTeam "Saxone"]
[BlackTeam "Austria"]
[WhiteFideId "12962260"]
[BlackFideId "1600303"]
[EventDate "2016.06.26"]

1. d4 Nf6 2. Nf3 e6 3. c4 Bb4+ 4. Bd2 a5 5. e3 b6 6. Bd3 Bb7 7. Nc3 d6 8. a3
Bxc3 9. Bxc3 Nbd7 10. O-O O-O 11. b4 axb4 12. axb4 Qe7 13. Re1 Ne4 14. Bxe4 Bxe4
15. Qe2 f5 16. Nd2 Nf6 17. f3 1/2-1/2

[Event "World Senior Teams +65"]
[Site "Radebeul GER"]
[Date "2016.06.30"]
[Round "5.4"]
[Board "2"]
[White "Petschar, Kurt"]
[Black "Lenk, Wolfgang"]
[Result "1-0"]
[WhiteTitle "FM"]
[WhiteElo "2278"]
[BlackElo "2213"]
[WhiteTeam "Austria"]
[BlackTeam "USV TU Dresden"]
[WhiteFideId "1600478"]
[BlackFideId "4612388"]
[EventDate "2016.06.26"]

1. e4 d6 2. d4 Nf6 3. Nc3 g6 4. f4 Bg7 5. Nf3 O-O 6. Bd3 Nc6 7. Be3 Bg4 8. h3
Bxf3 9. Qxf3 Nd7 10. e5 Nb6 11. O-O-O d5 12. h4 Nb4 13. Be2 Qd7 14. a3 Nc6 15.
h5 Rfd8 16. hxg6 hxg6 17. g4 e6 18. Bd3 Ne7 19. Bf2 Rac8 20. Bh4 Kf8 21. Bf6 Ng8
22. Bxg7+ Kxg7 23. f5 c5 24. f6+ Kf8 25. Rh8 cxd4 26. Qh3 1-0

[Event "World Senior Teams +65"]
[Site "Radebeul GER"]
[Date "2016.06.30"]
[Round "5.4"]
[Board "3"]
[White "Kahn, Peter"]
[Black "Titz, Heimo"]
[Result "1-0"]
[BlackTitle "FM"]
[WhiteElo "2097"]
[BlackElo "2160"]
[WhiteTeam "USV TU Dresden"]
[BlackTeam "Austria"]
[WhiteFideId "4686837"]
[BlackFideId "1601520"]
[EventDate "2016.06.26"]

1. d4 Nf6 2. Nf3 e6 3. Bg5 c5 4. e3 b6 5. Nbd2 Bb7 6. Bd3 d6 7. c3 Nbd7 8. O-O
Be7 9. h3 O-O 10. Qe2 h6 11. Bh4 a6 12. e4 Re8 13. Rac1 b5 14. Bg3 Rc8 15. Rfd1
cxd4 16. cxd4 Qb6 17. Bb1 Qa7 18. Qd3 Nf8 19. Qe2 Qa8 20. e5 dxe5 21. dxe5 Nd5
22. Ne4 Rxc1 23. Rxc1 Rc8 24. Rxc8 Qxc8 25. Qd1 Nb4 26. a3 Nd5 27. Qc2 Qxc2 28.
Bxc2 Nb6 29. Nfd2 Nfd7 30. f4 Nc5 31. Nxc5 Bxc5+ 32. Bf2 Bxf2+ 33. Kxf2 Kf8 34.
g3 Ke7 35. Ke3 Kd7 36. Kd4 Kc7 37. b3 Nd7 38. Be4 f5 39. exf6 gxf6 40. Bxb7 Kxb7
41. g4 Kc6 42. h4 Nb6 43. g5 fxg5 44. fxg5 hxg5 45. hxg5 Nd5 46. Ke5 Kd7 47. Ne4
Ke7 48. g6 Kf8 49. Kxe6 Nf4+ 50. Kf5 Nd5 51. Nf6 Ne7+ 52. Kg5 Kg7 53. Ne8+ Kf8
54. Nc7 b4 55. axb4 Kg7 56. Nxa6 Nxg6 57. b5 Ne5 58. b6 Nf7+ 59. Kf5 Kf8 60. Ke6
Ke8 61. Nc7+ Kf8 62. Kd7 Ne5+ 63. Kc8 Nf7 64. Nb5 1-0

[Event "World Senior Teams +65"]
[Site "Radebeul GER"]
[Date "2016.06.30"]
[Round "5.4"]
[Board "4"]
[White "Singer, Hans"]
[Black "Petzold, Hans"]
[Result "0-1"]
[WhiteTitle "FM"]
[WhiteElo "2191"]
[BlackElo "2092"]
[WhiteTeam "Austria"]
[BlackTeam "USV TU Dresden"]
[WhiteFideId "1600800"]
[BlackFideId "24615676"]
[EventDate "2016.06.26"]

1. c4 e5 2. Nc3 Nc6 3. g3 f5 4. Bg2 Nf6 5. d3 Bb4 6. Bd2 O-O 7. e3 Bxc3 8. Bxc3
d6 9. Ne2 Qe8 10. d4 Kh8 11. b4 Ne4 12. b5 exd4 13. Bxd4 Nxd4 14. Qxd4 a6 15. a4
Nc5 16. Ra3 Bd7 17. b6 Bc6 18. Bd5 cxb6 19. Nc3 f4 20. Ne2 Qg6 21. Nxf4 Rxf4 22.
gxf4 Bxd5 23. Qxd5 Qb1+ 0-1

[Event "World Senior Teams +65"]
[Site "Radebeul GER"]
[Date "2016.06.30"]
[Round "5.5"]
[Board "2"]
[White "James, Geoffrey H"]
[Black "Ghijsen, Pim"]
[Result "1-0"]
[WhiteTitle "CM"]
[WhiteElo "2203"]
[BlackElo "2174"]
[WhiteTeam "England 1"]
[BlackTeam "Oranje 1"]
[WhiteFideId "402346"]
[BlackFideId "1002201"]
[EventDate "2016.06.26"]

1. e4 c5 2. Nc3 d6 3. g3 Nc6 4. Bg2 g6 5. d3 Bg7 6. Nge2 Nf6 7. O-O O-O 8. h3
Nd4 9. Nxd4 cxd4 10. Ne2 e5 11. c4 dxc3 12. Nxc3 Be6 13. f4 exf4 14. gxf4 Qb6+
15. Kh2 Rad8 16. Qe2 d5 17. e5 Ne8 18. Be3 d4 19. Bf2 f6 20. Ne4 fxe5 21. Bh4
Rd7 22. Ng5 h6 23. Nxe6 Qxe6 24. Rae1 Nd6 25. Kh1 Nf5 26. Bf2 Re7 27. Qc2 Kh7
28. fxe5 Bxe5 29. Qa4 b6 30. Qb5 Qd6 31. Be4 Bg7 32. Rg1 Qf4 33. Rg2 Rc7 34. Qa4
Rc1 35. Rxc1 Qxc1+ 36. Bg1 Qe1 37. Bxf5 Rxf5 38. Qc6 Qe8 1-0

[Event "World Senior Teams +65"]
[Site "Radebeul GER"]
[Date "2016.06.30"]
[Round "5.5"]
[Board "3"]
[White "Westerveld, Wim"]
[Black "Quinn, John M"]
[Result "1-0"]
[WhiteElo "2157"]
[BlackElo "2152"]
[WhiteTeam "Oranje 1"]
[BlackTeam "England 1"]
[WhiteFideId "1001310"]
[BlackFideId "405043"]
[EventDate "2016.06.26"]

1. b3 Nf6 2. Bb2 b6 3. e3 Bb7 4. Nf3 e6 5. g3 Be7 6. Bg2 c5 7. O-O Qc7 8. c4 d6
9. Nc3 Nbd7 10. d4 O-O 11. d5 e5 12. Nh4 g6 13. f4 Ne8 14. Nf3 f5 15. fxe5 dxe5
16. e4 Nd6 17. Bh3 fxe4 18. Be6+ Kg7 19. Nd2 Rxf1+ 20. Qxf1 Rf8 21. Qh3 Nf6 22.
Re1 Bc8 23. Ncxe4 Nf5 24. Ng5 Nd4 25. Bxd4 cxd4 26. Bxc8 Qxc8 27. Ne6+ Kg8 28.
Rxe5 Bb4 29. Qh6 Rf7 30. h3 Bd6 31. Re2 d3 32. Re1 Bxg3 33. Rf1 Qd7 34. Ne4 Nxe4
35. Qf8+ 1-0

[Event "World Senior Teams +65"]
[Site "Radebeul GER"]
[Date "2016.06.30"]
[Round "5.5"]
[Board "4"]
[White "Farrand, Julian T"]
[Black "Van Oosten, Arend"]
[Result "1-0"]
[WhiteElo "2048"]
[BlackElo "2082"]
[WhiteTeam "England 1"]
[BlackTeam "Oranje 1"]
[WhiteFideId "24602469"]
[BlackFideId "1006053"]
[EventDate "2016.06.26"]

1. d4 e6 2. e4 d5 3. Nc3 Nf6 4. Bg5 Bb4 5. e5 h6 6. Bh4 g5 7. Bg3 Ne4 8. Ne2 c5
9. a3 Bxc3+ 10. Nxc3 Nxc3 11. bxc3 Qa5 12. Qd2 Nc6 13. dxc5 Bd7 14. Rb1 O-O-O
15. Be2 Qxc5 16. O-O d4 17. Bf3 dxc3 18. Qe2 Na5 19. Rfd1 Bc6 20. Rd6 Rxd6 21.
exd6 Rd8 22. h4 Nc4 23. Bxc6 Qxc6 24. hxg5 hxg5 25. Rb4 Nxd6 26. Qe5 b6 27. Rb3
Kb7 28. Rxc3 Qb5 29. Qf6 Qb1+ 30. Kh2 Qd1 31. Qxd8 Qh5+ 32. Bh4 Qxh4+ 33. Kg1
Qd4 34. Rd3 Qa1+ 35. Kh2 Qe5+ 36. g3 Ne4 37. Rd7+ Ka6 38. Qc8+ Kb5 39. c4+ Ka4
40. Qc6+ Kb3 41. Rd3+ Kc2 42. Re3 Qh8+ 43. Kg2 Nc3 44. Qd7 Qh7 45. Qd4 1-0

[Event "World Senior Teams +65"]
[Site "Radebeul GER"]
[Date "2016.06.30"]
[Round "5.6"]
[Board "1"]
[White "Rahls, Peter"]
[Black "Rooze, Jan"]
[Result "0-1"]
[WhiteTitle "FM"]
[BlackTitle "IM"]
[WhiteElo "2160"]
[BlackElo "2322"]
[WhiteTeam "Berlin"]
[BlackTeam "Belgium 1"]
[WhiteFideId "4613023"]
[BlackFideId "200050"]
[EventDate "2016.06.26"]

1. e4 g6 2. d4 Bg7 3. Nc3 d6 4. g3 Nd7 5. Bg2 c5 6. Nge2 Rb8 7. O-O b5 8. Be3 b4
9. Na4 Qa5 10. b3 Ngf6 11. h3 cxd4 12. Bxd4 O-O 13. c3 Ba6 14. Re1 Ne8 15. cxb4
Rxb4 16. Bxg7 Nxg7 17. Nd4 Rc8 18. a3 Rbb8 19. b4 Qd8 20. Rc1 Ne5 21. Re3 Qd7
22. Nb2 Ne6 23. Rec3 Rxc3 24. Rxc3 Rc8 25. Rxc8+ Qxc8 26. f4 Nd3 27. Nxd3 Nxd4
28. f5 Qc3 29. Nf4 Bb7 30. fxg6 hxg6 31. Kh2 e5 32. Ne2 Qe3 33. Nxd4 exd4 34.
Qf3 Qxf3 35. Bxf3 f5 36. Bd1 fxe4 37. Kg1 Kg7 38. a4 Kf6 39. Kf2 Ke5 40. h4 Bc8
41. b5 Bd7 42. g4 d3 43. h5 gxh5 44. gxh5 Kd4 45. h6 e3+ 46. Ke1 d2+ 47. Kf1
Bh3+ 48. Kg1 Kd3 49. h7 e2 50. Bxe2+ Kxe2 51. h8=Q d1=Q+ 52. Kh2 Bg4 53. Qe8+
Kf2 54. Qf7+ Ke1 55. Qxa7 Qe2+ 56. Kg3 Qf3+ 57. Kh4 Qh3+ 58. Kg5 Qh5+ 59. Kf4
Qf5+ 60. Kg3 Be2 61. Qe3 Qg6+ 62. Kh2 Qh5+ 63. Kg2 Qd5+ 64. Kh3 Qe5 65. Qb3 Qh5+
66. Kg3 Qg4+ 67. Kh2 Kf2 68. Qf7+ Bf3 69. Qa2+ Ke3 70. Qa3+ Ke2 71. Qb2+ Kd3 72.
Qb3+ Ke4 73. Qc4+ Ke5 74. Qc3+ Kd5 75. Qd2+ Kc5 76. Qc3+ Kb6 77. a5+ Kxb5 78.
Qd3+ Kc6 79. Qc2+ Kd7 80. Qh7+ Kc8 81. Qh8+ Kc7 82. Qc3+ Bc6 0-1

[Event "World Senior Teams +65"]
[Site "Radebeul GER"]
[Date "2016.06.30"]
[Round "5.6"]
[Board "3"]
[White "Neese, Hans-Joachim"]
[Black "Schuermans, Robert"]
[Result "0-1"]
[WhiteTitle "FM"]
[WhiteElo "2159"]
[BlackElo "2128"]
[WhiteTeam "Berlin"]
[BlackTeam "Belgium 1"]
[WhiteFideId "4635019"]
[BlackFideId "200263"]
[EventDate "2016.06.26"]

1. d4 Nf6 2. Nf3 e6 3. c4 c5 4. Nc3 cxd4 5. Nxd4 Bb4 6. Qc2 Nc6 7. Nxc6 bxc6 8.
a3 Be7 9. e4 Qc7 10. Be2 O-O 11. O-O d5 12. exd5 exd5 13. cxd5 cxd5 14. Qd3 Qe5
15. Qg3 Qxg3 16. hxg3 d4 17. Nb5 Rd8 18. Bf3 Rb8 19. Nxa7 Bd7 20. Nc6 Bxc6 21.
Bxc6 d3 22. Rd1 Ng4 23. b4 Bf6 24. Ra2 Ne5 25. Be4 Rbc8 26. Bf4 Rc3 27. a4 Rd4
28. f3 Rxb4 29. Bd2 Rc2 30. Rxc2 dxc2 31. Bxc2 Rb2 32. Rb1 Nc4 33. Rxb2 Bd4+ 34.
Kh2 Bxb2 35. Bf4 Bc3 36. Bd3 Na5 37. Kg1 g6 38. Kf1 Kf8 39. Ke2 Nc6 0-1

[Event "World Senior Teams +65"]
[Site "Radebeul GER"]
[Date "2016.06.30"]
[Round "5.6"]
[Board "4"]
[White "Maes, Valeer"]
[Black "Witte, Manfred"]
[Result "1/2-1/2"]
[WhiteElo "2084"]
[BlackElo "2205"]
[WhiteTeam "Belgium 1"]
[BlackTeam "Berlin"]
[WhiteFideId "201634"]
[BlackFideId "12966630"]
[EventDate "2016.06.26"]

1. d4 Nf6 2. Nf3 c5 3. e3 g6 4. c4 Bg7 5. Nc3 O-O 6. Be2 cxd4 7. exd4 d5 8. O-O
Nc6 9. h3 b6 10. Be3 dxc4 11. Bxc4 Nb4 12. Qb3 Nc6 13. Ne5 Nxe5 14. dxe5 Ne8 15.
Rad1 Qc7 16. f4 e6 17. Nb5 Qe7 18. Nd6 1/2-1/2